Stálym problémom je absencia dlhodobých zdrojov Príloha Hospodárskych novín

Tendencie v úverovom vývoji na Slovensku v uplynulom období. Úvery poskytnuté jednotlivým sektorom a odvetviam. Vývoj úverov poskytnutých jednotlivým sektorom a odvetviam. Štruktúra a vývoj vkladov. Vývoj netermínovaných a termínovaných vkladov.

Guardado en:
Detalles Bibliográficos
Formato: Capítulo de libro
Lenguaje:eslovaco
Materias:
Etiquetas: Agregar Etiqueta
Sin Etiquetas, Sea el primero en etiquetar este registro!

MARC

LEADER 00000naa a2200000 4500
001 r020012
005 20230801103509.2
041 0 |a slo 
044 |a SK 
245 1 0 |a Stálym problémom je absencia dlhodobých zdrojov  |b Príloha Hospodárskych novín 
520 |a Tendencie v úverovom vývoji na Slovensku v uplynulom období. Úvery poskytnuté jednotlivým sektorom a odvetviam. Vývoj úverov poskytnutých jednotlivým sektorom a odvetviam. Štruktúra a vývoj vkladov. Vývoj netermínovaných a termínovaných vkladov. 
610 2 0 |a Slovensko 
610 2 0 |a 1993-1995 
610 2 0 |a úver bankový 
610 2 0 |a vklady 
610 2 0 |a banky obchodné